| 000 | 00830nam a22002297a 4500 | ||
|---|---|---|---|
| 999 |
_c19027 _d19027 |
||
| 003 | AR-CdUCM | ||
| 008 | 190516b ||||| |||| 00| 0 spa d | ||
| 040 |
_aMUNICIPALIDAD PROVINCIAL DEL CUSCO _cBIBLIOTECA MUNICIPAL DEL CUSCO |
||
| 041 | _heng. | ||
| 082 |
_a540 / _bS61 |
||
| 100 |
_aSmith, Sylvanus J. _940075 |
||
| 245 | _aProblemas de química / | ||
| 260 |
_aMadrid : _bSelecciones Gráficas, _c1963. |
||
| 300 |
_a463 paginas ; _c21 cm. |
||
| 505 | _aContenido :Peso equivalente y peso atómico --Teoría molecular --Presión de vapor --Solubilidades, ley de distribución ,puntos de fusión congruentes ... | ||
| 650 |
_aQuímica _94512 |
||
| 650 |
_aMolécula _940076 |
||
| 650 |
_aTermoquimica _940077 |
||
| 700 |
_aBenito Rodriguez Rios (traducción) _940078 |
||
| 942 |
_2ddc _cLIBROS |
||
| 945 |
_arjall _d2019-05-16 |
||